000 00339cam a22001097a 4500
008 180718b-- xxu||||| |||| 00| 0 eng d
082 _aV43000x54 P
245 _aNational water policy
_cby Ministry of Water Resources, India.
260 _aNew Delhi
_bThe author
_c--
500 _aLibrary has 2002
700 _aIndia. Ministry of Water Resources
999 _c489263
_d489263